[Event "IND-ch U15"]
[Site "Tiruchengode"]
[Date "2019.07.11"]
[Round "4"]
[White "Ayushh, Ravikumar"]
[Black "Pranav, V."]
[Result "1/2-1/2"]
[WhiteElo "1946"]
[BlackElo "2312"]
[PlyCount "161"]
[EventDate "2019.07.09"]
[EventType "swiss"]
[EventRounds "11"]
[EventCountry "IND"]
[SourceTitle "EXT 2020"]
[Source "ChessBase"]
[SourceDate "2019.10.17"]
[SourceVersion "1"]
[SourceVersionDate "2019.10.17"]
[SourceQuality "1"]

1. d4 Nf6 2. Nf3 e6 3. c4 Bb4+ 4. Bd2 c5 5. a3 Bxd2+ 6. Nbxd2 cxd4 7. Nxd4 0-0 8. g3 Qb6 9. N2b3 d5 10. c5 Qd8 11. Bg2 Bd7 12. 0-0 e5 13. Nc2 Be6 14. Rc1 Nc6 15. Nb4 a5 16. Nxc6 bxc6 17. Nd2 Rb8 18. Qc2 Nd7 19. Rb1 Rb5 20. b4 axb4 21. axb4 Qb8 22. Qc3 Rc8 23. e3 Bf5 24. Rb3 Qc7 25. f4 Be6 26. Rbb1 f6 27. Rfc1 Rbb8 28. Bf1 Qd8 29. Bd3 Rc7 30. Nb3 d4 31. exd4 exf4 32. Bc4 Bxc4 33. Qxc4+ Kh8 34. gxf4 Nf8 35. Rd1 Qd7 36. Qc3 Ng6 37. Rf1 Qf5 38. Rbe1 Nxf4 39. Nc1 g5 40. Ne2 Qg4+ 41. Ng3 Ra7 42. Qf3 Qxf3 43. Rxf3 Kg7 44. Nf5+ Kf7 45. Nd6+ Kg6 46. Rb3 Ra2 47. Re8 Rxe8 48. Nxe8 Ne2+ 49. Kf1 Nxd4 50. Rd3 Nf5 51. b5 cxb5 52. c6 Rc2 53. c7 b4 54. Rd8 Ne7 55. Rb8 Rc4 56. Ke2 h5 57. Kd3 Rc3+ 58. Kd2 Rc5 59. Rxb4 Nd5 60. Rb7 h4 61. Rb5 Nxc7 62. Rxc5 Nxe8 63. h3 Ng7 64. Ke1 Ne6 65. Rc3 Nf4 66. Kf1 Kh5 67. Ra3 f5 68. Rf3 Nd5 69. Kf2 Kg6 70. Rd3 Nf4 71. Ra3 Nd5 72. Kf3 Kh5 73. Ra5 Nf4 74. Rxf5 Nxh3 75. Rf8 Ng1+ 76. Kf2 Nh3+ 77. Kf3 Nf4 78. Rxf4 gxf4 79. Kxf4 h3 80. Kg3 h2 81. Kxh2 1/2-1/2

[Event "Mumbai Wealth op 3rd"]
[Site "Mumbai"]
[Date "2018.01.03"]
[Round "5"]
[White "Ayushh, Ravikumar"]
[Black "Bala, Kannamma P"]
[Result "1/2-1/2"]
[WhiteElo "1780"]
[BlackElo "2058"]
[PlyCount "140"]
[EventDate "2017.12.30"]
[EventType "swiss"]
[EventRounds "9"]
[EventCountry "IND"]
[SourceTitle "CBM 182 Extra"]
[Source "ChessBase"]
[SourceDate "2018.02.23"]
[SourceVersion "1"]
[SourceVersionDate "2018.02.23"]
[SourceQuality "1"]

1. e4 c5 2. Nf3 e6 3. d4 cxd4 4. Nxd4 a6 5. Nc3 Qc7 6. Be2 b5 7. 0-0 Bb7 8. Bf3 d6 9. Re1 Nd7 10. a4 bxa4 11. Rxa4 Ngf6 12. Qe2 Ne5 13. Bf4 Rc8 14. Bxe5 dxe5 15. Nb3 Be7 16. Rea1 0-0 17. Na5 Nd7 18. Nxb7 Qxb7 19. R4a2 Nb8 20. Qf1 Bb4 21. Be2 Bxc3 22. bxc3 Qxe4 23. Bd3 Qc6 24. Bxa6 Nxa6 25. Qxa6 Qxa6 26. Rxa6 Rxc3 27. Rc1 Rd8 28. Kf1 g6 29. Ke2 Kg7 30. Rb6 h5 31. Rb3 Rc5 32. c4 Rd4 33. Rb5 Rcxc4 34. Rxc4 Rxc4 35. Rxe5 Kf6 36. Ra5 e5 37. g3 Kf5 38. h4 Ke4 39. Ra3 f5 40. Re3+ Kd5 41. Ra3 f4 42. Kf3 fxg3 43. fxg3 Ke6 44. Ra8 Rc3+ 45. Kf2 Kf5 46. Ra6 Rc8 47. Kf3 Re8 48. Rb6 Re6 49. Rb5 Rd6 50. Rb4 Rd3+ 51. Kg2 Ra3 52. Rc4 Re3 53. Ra4 Re4 54. Ra6 Re2+ 55. Kf3 Rd2 56. Ra4 Rd4 57. Ra6 Rd3+ 58. Kg2 Re3 59. Ra4 Re4 60. Ra6 Rg4 61. Kf3 g5 62. Rh6 e4+ 63. Kf2 e3+ 64. Kxe3 Rxg3+ 65. Kf2 gxh4 66. Rxh5+ Kg4 67. Rh8 Kh3 68. Kf1 Rf3+ 69. Kg1 Ra3 70. Rf8 Ra1+ 1/2-1/2

[Event "Mumbai Wealth op 3rd"]
[Site "Mumbai"]
[Date "2017.12.31"]
[Round "2"]
[White "Ayushh, Ravikumar"]
[Black "Chandratreya, Prachiti"]
[Result "1-0"]
[WhiteElo "1780"]
[BlackElo "1621"]
[PlyCount "87"]
[EventDate "2017.12.30"]
[EventType "swiss"]
[EventRounds "9"]
[EventCountry "IND"]
[SourceTitle "CBM 182 Extra"]
[Source "ChessBase"]
[SourceDate "2018.02.23"]
[SourceVersion "1"]
[SourceVersionDate "2018.02.23"]
[SourceQuality "1"]

1. e4 e6 2. d4 d5 3. Nd2 Nf6 4. e5 Nfd7 5. Bd3 c5 6. c3 cxd4 7. cxd4 Nc6 8. Ne2 f6 9. exf6 Nxf6 10. Nf3 Bd6 11. 0-0 Qc7 12. h3 0-0 13. Nc3 a6 14. a3 Bd7 15. Re1 Rae8 16. Be3 e5 17. dxe5 Nxe5 18. Nxe5 Bxe5 19. Rc1 Bc6 20. b4 Qd7 21. Bc5 Rf7 22. Qc2 d4 23. Ne2 Kh8 24. Bc4 Ba4 25. Qd3 Rd8 26. Bxf7 Qxf7 27. Nc3 Bc6 28. Rxe5 Nd7 29. Qxd4 Qg6 30. Ne4 Rg8 31. Re7 Nf6 32. Ng3 Nd5 33. Re5 Nf6 34. Rce1 Qc2 35. R5e2 Qb3 36. Re3 Qa2 37. Nf5 Qf7 38. Ne7 Ra8 39. Nxc6 bxc6 40. Qd6 Rg8 41. Qxc6 Nd5 42. Re8 h6 43. Rxg8+ Kxg8 44. Qe8+ 1-0